Catalog

Record Details

Catalog Search



Available copies

  • 1 of 1 copy available at LARL/NWRL Consortium.
  • 1 of 1 copy available at Northwest Regional Library. (Show preferred library)

Current holds

0 current holds with 1 total copy.

Show Only Available Copies
Location Call Number / Copy Notes Barcode Shelving Location Status Due Date
Barb Geer Memorial LINK Site GRE (Text) 35500002049409 Main Available -

Record details

  • ISBN: 0312858132 :
  • Physical Description: 334 p. : maps ; 24 cm.
  • Edition: [1st ed.]
  • Publisher: New York : Forge, 1994.

Content descriptions

General Note:
"A Tom Doherty Associates book."
Subject: Irish Americans > Travel > Ireland > Dublin > Fiction.
Man-woman relationships > Ireland > Dublin > Fiction.
Violence > Ireland > Dublin > Fiction.
Ireland > Politics and government > Fiction.
Dublin (Ireland) > Fiction.
LDR 01020pam a2200289 a 4500
001119853
003LARL_NWRL_CONSORTIUM
00519960215095922.0
008940726s1994 nyub 000 1 eng
020 . ‡a0312858132 :
043 . ‡ae-ie---
1001 . ‡aGreeley, Andrew M., ‡d1928- ‡0(LARL_NWRL_CONSORTIUM)57000
24510. ‡aIrish gold ‡n#1 / ‡cAndrew M. Greeley.
250 . ‡a[1st ed.]
260 . ‡aNew York : ‡bForge, ‡c1994.
300 . ‡a334 p. : ‡bmaps ; ‡c24 cm.
4900 . ‡aNuala Anne McGrail ; ‡v1
500 . ‡a"A Tom Doherty Associates book."
650 0. ‡aIrish Americans ‡xTravel ‡zIreland ‡zDublin ‡vFiction.
650 0. ‡aMan-woman relationships ‡zIreland ‡zDublin ‡vFiction.
650 0. ‡aViolence ‡zIreland ‡zDublin ‡vFiction.
651 0. ‡aIreland ‡xPolitics and government ‡vFiction.
651 0. ‡aDublin (Ireland) ‡vFiction. ‡0(LARL_NWRL_CONSORTIUM)164684
901 . ‡a119853 ‡bISxN ‡c119853 ‡tbiblio

Additional Resources